X-ray emission from a liquid curtain jet when irradiated by femtosecond laser pulses

Elmentve itt :
Bibliográfiai részletek
Szerzők: Valle Brozas F.
Papp Dániel
Escudero L. M.
Roso L.
Peralta Conde A.
Dokumentumtípus: Cikk
Megjelent: 2017
Sorozat:APPLIED PHYSICS B - LASERS AND OPTICS 123 No. 6
Tárgyszavak:
doi:10.1007/s00340-017-6763-2

mtmt:26715546
Online Access:http://publicatio.bibl.u-szeged.hu/27324
LEADER 00860nab a2200253 i 4500
001 publ27324
005 20230601145517.0
008 230601s2017 hu o 0|| Angol d
022 |a 0946-2171 
024 7 |a 10.1007/s00340-017-6763-2  |2 doi 
024 7 |a 26715546  |2 mtmt 
040 |a SZTE Publicatio Repozitórium  |b hun 
041 |a Angol 
100 2 |a Valle Brozas F. 
245 1 0 |a X-ray emission from a liquid curtain jet when irradiated by femtosecond laser pulses  |h [elektronikus dokumentum] /  |c  Valle Brozas F. 
260 |c 2017 
300 |a 8 
490 0 |a APPLIED PHYSICS B - LASERS AND OPTICS  |v 123 No. 6 
650 4 |a Fizikai tudományok 
700 0 1 |a Papp Dániel  |e aut 
700 0 1 |a Escudero L. M.  |e aut 
700 0 1 |a Roso L.  |e aut 
700 0 2 |a Peralta Conde A.  |e aut 
856 4 0 |u http://publicatio.bibl.u-szeged.hu/27324/1/26715546.pdf  |z Dokumentum-elérés